Systémy riadeného vzdelávania, dôležitá podpora edukačného procesu
Teoretická analýza možností systémov riadeného vzdelávania, ktoré sú v súčasnosti ponúkané prostredníctvom dostupných online technológií a ktoré sú považované za progresívne riešenie pre vzdelávacie inštitúcie.
Salvato in:
| Autore principale: | |
|---|---|
| Altri autori: | , |
| Natura: | Capitolo di libro |
| Lingua: | slovacco |
| Soggetti: | |
| Tags: |
Nessun Tag, puoi essere il primo ad aggiungerne!!
|
MARC
| LEADER | 00000naa a2200000 4500 | ||
|---|---|---|---|
| 001 | 0225751 | ||
| 005 | 20240523065004.2 | ||
| 041 | 0 | |a slo | |
| 044 | |a SK | ||
| 245 | 1 | 0 | |a Systémy riadeného vzdelávania, dôležitá podpora edukačného procesu |c Vojtech Kollár, Peter Polakovič, Jana Gasperová |
| 520 | |a Teoretická analýza možností systémov riadeného vzdelávania, ktoré sú v súčasnosti ponúkané prostredníctvom dostupných online technológií a ktoré sú považované za progresívne riešenie pre vzdelávacie inštitúcie. | ||
| 610 | 2 | 0 | |a politika vzdelávania |
| 610 | 2 | 0 | |a riadenie znalostí |
| 610 | 2 | 0 | |a technológie informačné |
| 610 | 2 | 0 | |a technológie komunikačné |
| 610 | 2 | 0 | |a vzdelávanie elektronické |
| 100 | 1 | |a Kollár, Vojtech | |
| 700 | 1 | |a Polakovič, Peter | |
| 700 | 1 | |a Gasperová, Jana | |